000 00504nam a2200181Ia 4500
001 16235
005 20260306170254.0
008 260306t2022||||xx |||||||||||||| ||und||
041 _aESP
082 _a347.51
_bCH534
100 _aChávez Hurtado, Joaquín
_eAUT
245 0 _aAnálisis tributario de los consorcios:
_bAnálisis tributario de las asociaciones en participación
260 _c2022
300 _a64 páginas :
_c24 cm.
650 _aGEN
654 _aCCO
942 _cLIB
_dJUS
_fJUS
_2ddc
_n
999 _c16235
_d16235